| 000 | 00398cam a2200157ua 4500 | ||
|---|---|---|---|
| 041 |
_aeng _h |
||
| 082 |
_a515.9 _bCHU/CO |
||
| 100 | _aRuel, V . | ||
| 245 |
_aComplex variables and applications / _cChurchil. _hTextual Documents |
||
| 260 |
_a : _bMcGraw hill company , _c1994. |
||
| 300 | _a ; . | ||
| 504 | _a | ||
| 700 | 1 | _aChurchil, James ward brown . | |
| 942 | _cBK | ||
| 999 |
_c13391 _d13391 |
||